[Event "FRA-chT3 0405"]
[Site "France"]
[Date "2004.10.10"]
[Round "1.6"]
[White "Richonnier, Guillaume"]
[Black "Pendrigh, Robin"]
[Result "0-1"]
[WhiteElo "1750"]
[BlackElo "1390"]
[PlyCount "48"]
[EventDate "2004.10.10"]
[EventType "team"]
[EventRounds "9"]
[EventCountry "FRA"]
[SourceTitle "EXT 2007"]
[Source "ChessBase"]
[SourceDate "2006.11.23"]
[SourceVersion "1"]
[SourceVersionDate "2006.11.23"]
[SourceQuality "1"]

1. d4 e6 2. Nf3 d5 3. e3 Nf6 4. Bd3 Bd6 5. Nbd2 Nbd7 6. 0-0 0-0 7. c3 e5 8. dxe5 Nxe5 9. Nxe5 Bxe5 10. f4 Bd6 11. Qf3 Re8 12. h3 b6 13. e4 Nxe4 14. Nxe4 dxe4 15. Bxe4 Rb8 16. Be3 Qe7 17. Bc6 Qxe3+ 18. Kh1 Qxf3 19. Rxf3 Re2 20. b3 Bb7 21. Bxb7 Rxb7 22. a4 a5 23. Rd1 Rb8 24. Rd4 Rbe8 0-1